ბათუმის შოთა რუსთაველის სახელმწიფო უნივერსიტეტის ბიბლიოთეკა

ისე,როგორც ზღაპარში (ბიბ.ჩანაწერი № 42397)

000 -LEADER
fixed length control field 00940nam a2200229Ia 4500
001 - CONTROL NUMBER
control field 9093
003 - CONTROL NUMBER IDENTIFIER
control field GE_BSU
008 - FIXED-LENGTH DATA ELEMENTS--GENERAL INFORMATION
fixed length control field 181216s||||||||xx |||||||||||||| ||und||
040 ## - CATALOGING SOURCE
Transcribing agency GE_BSU
080 ## - UNIVERSAL DECIMAL CLASSIFICATION NUMBER
Universal Decimal Classification number 821.353.1-1-7
100 ## - MAIN ENTRY--PERSONAL NAME
Personal name ლებანიძე,გიორგი
245 ## - TITLE STATEMENT
Title ისე,როგორც ზღაპარში
245 ## - TITLE STATEMENT
Remainder of title ფელეტონები და იუმორისტული მოთხრობები
245 ## - TITLE STATEMENT
Statement of responsibility, etc. წინასიტყვ:კარლო კალაძე;რედ:ნ.შველიძე;მხატვ:ა.თოდრია
260 ## - PUBLICATION, DISTRIBUTION, ETC.
Place of publication, distribution, etc. თბილისი.
260 ## - PUBLICATION, DISTRIBUTION, ETC.
Name of publisher, distributor, etc. მერანი.
260 ## - PUBLICATION, DISTRIBUTION, ETC.
Date of publication, distribution, etc. 1975
300 ## - PHYSICAL DESCRIPTION
Extent 155გვ;16სმ.
653 ## - INDEX TERM--UNCONTROLLED
Uncontrolled term ისე,როგორც ზღაპარში
653 ## - INDEX TERM--UNCONTROLLED
Uncontrolled term ფელეტონები და იუმორისტული მოთხრობები
942 ## - ADDED ENTRY ELEMENTS (KOHA)
Koha item type წიგნი
ეგზემპლარები
Withdrawn status Lost status Damaged status Not for loan Date acquired Barcode Date last seen Price effective from Koha item type
        2018-12-17 31780 2018-12-17 2018-12-17 წიგნი
        2018-12-17 31781 2018-12-17 2018-12-17 წიგნი